00218nam a2200073Ia 4500008004100000082001500041100002200056245006600078240331s9999 xx 000 0 und d a303.6bBAL aBalasuriya, Tissa 0aTheology and Ethnicism :bGlobal Violence and Racial Violence